00391nam a22001337a 4500003000400000008004100004020001800045100001600063245009200079250001400171260004500185300001000230650001700240OSt201118b ||||| |||| 00| 0 eng d a9788177585414 aFinar, I.L. aOrganic Chemistry Vol-IIb Volume 2: Stereochemistry and the Chemistry Natural Products a23rd Ed. aNew DelhibPearson Education Indiac2019 a956p. aB.SC.SCIENCE